000 00614nam a2200205 i 4500
001 88415
003 ES-MaACL
005 20230906175845.0
007 t|
008 050104s1981 sp ||||1| spa d
100 1 _aLakatos, Imre.
_969714
245 1 0 _aMatemáticas, ciencia y epistemología /
_cImre Lakatos ; versión de Diego Ribes Nocolás.
260 _a[Madrid] :
_bAlianza,
_c[1981]
300 _a360 p. ;
_c20 cm.
490 1 _aAlianza universidad
700 1 _aRibes Nicolás, Diego.
_996816
830 0 _aAlianza universidad
_9177276
852 _aES-MaACL
_jL-1051
_bR.101696
999 _c88415
_d88415